000
00271nam a22001097a 4500
008
230626b xxu||||| |||| 00| 0 eng d
082
_a
338
_b
UNDP
245
_a
Kenya Development Corporation Report 2004
260
_a
Kenya
_b
UNDP
_c
2005
300
_a
IX,68p
942
_2
ddc
_c
BK
999
_c
2681
_d
2681